[Event "Benidorm 2003 - sub2300"]
[Site "Benidorm ESP"]
[Date "2003.11.23"]
[Round "3.61"]
[White "Ilmoni, Tommy"]
[Black "Fernandez Garcia, Ignacio"]
[Result "1-0"]
[WhiteElo "2150"]
[BlackElo "2006"]
[PlyCount "107"]
[EventDate "2003.11.21"]
[EventType "swiss"]
[EventRounds "9"]
[EventCountry "ESP"]
[Source "lmi"]
[SourceDate "2003.11.21"]

1. d4 Nf6 2. c4 g6 3. Nc3 Bg7 4. e4 d6 5. f3 Nbd7 6. Be3 O-O 7. Qd2 c5 8. Nge2
a6 9. Ng3 Qc7 10. Be2 cxd4 11. Bxd4 Nc5 12. O-O Ne6 13. Be3 Re8 14. Rfc1 Bd7
15. Nd5 Qd8 16. Bb6 Qb8 17. Rab1 Bc6 18. b4 Nd7 19. Be3 b5 20. f4 Bxd5 21. exd5
Nef8 22. c5 f5 23. Bf3 a5 24. c6 Nb6 25. bxa5 Na4 26. Be2 Nc5 27. Rxb5 Qc7 28.
Bxc5 dxc5 29. Bc4 Qd6 30. Ne2 e5 31. fxe5 Bxe5 32. g3 Ne6 33. Rb7 Rad8 34. Qc2
Ng5 35. Kg2 f4 36. Nxf4 Bxf4 37. gxf4 Qxf4 38. d6+ Kh8 39. Qc3+ Re5 40. Rf1
Qe4+ 41. Kg1 Qg4+ 42. Qg3 Qd4+ 43. Kg2 Qxd6 44. Rb6 Rde8 45. Qf4 Qe7 46. Qf6+
Qxf6 47. Rxf6 Re4 48. Bf1 Rg4+ 49. Kh1 Ne4 50. Rf7 Nd6 51. c7 Nxf7 52. Rb8 Rge4
53. Bb5 Rg8 54. Rxg8+ 1-0

[Event "Benidorm 2003 - sub2300"]
[Site "Benidorm ESP"]
[Date "2003.11.23"]
[Round "3.62"]
[White "Alonso Contreras, Mario El"]
[Black "Palma Macias, Jose Alberto"]
[Result "0-1"]
[WhiteElo "2031"]
[BlackElo "2149"]
[PlyCount "86"]
[EventDate "2003.11.21"]
[EventType "swiss"]
[EventRounds "9"]
[EventCountry "ESP"]
[Source "lmi"]
[SourceDate "2003.11.21"]

1. e4 c5 2. Nf3 Nc6 3. d4 cxd4 4. Nxd4 e5 5. Ne2 Nf6 6. Nbc3 Bc5 7. h3 Qb6 8.
Be3 Bxe3 9. fxe3 Qxe3 10. Qd3 Qxd3 11. cxd3 d5 12. exd5 Nb4 13. O-O-O Nbxd5 14.
d4 exd4 15. Nxd4 O-O 16. Nxd5 Nxd5 17. Re1 Bd7 18. g3 Nb4 19. a3 Nc6 20. Bb5
Rac8 21. Nxc6 Bxc6 22. Bxc6 Rxc6+ 23. Kb1 Rc7 24. Re4 f6 25. Rc1 Rxc1+ 26. Kxc1
Rc8+ 27. Kd2 Kf7 28. Rd4 Re8 29. Kc3 f5 30. Kc4 Kf6 31. Kc5 Rc8+ 32. Kb5 Rc7
33. Ra4 b6 34. g4 g5 35. gxf5 Kxf5 36. Rd4 h5 37. Ka6 Rg7 38. b4 g4 39. hxg4+
hxg4 40. a4 g3 41. a5 g2 42. Rd1 bxa5 43. bxa5 Kf4 0-1

[Event "Benidorm 2003 - sub2300"]
[Site "Benidorm ESP"]
[Date "2003.11.23"]
[Round "3.63"]
[White "Rosa Cintas, Raul"]
[Black "Ingunza Lopez, Txema"]
[Result "1-0"]
[WhiteElo "2144"]
[BlackElo "1997"]
[PlyCount "91"]
[EventDate "2003.11.21"]
[EventType "swiss"]
[EventRounds "9"]
[EventCountry "ESP"]
[Source "lmi"]
[SourceDate "2003.11.21"]

1. d4 Nf6 2. Nf3 g6 3. g3 Bg7 4. Bg2 O-O 5. O-O d6 6. a4 Nbd7 7. a5 a6 8. c3 e5
9. dxe5 dxe5 10. Nbd2 Re8 11. Nc4 e4 12. Nd4 Nc5 13. Qc2 Qe7 14. b4 Ne6 15. Be3
Nd5 16. Rad1 Nxe3 17. Nxe3 Nxd4 18. cxd4 Qxb4 19. Nd5 Qxa5 20. Nxc7 Bf5 21.
Nxe8 Rxe8 22. e3 Bd7 23. Ra1 Qd5 24. Qa2 Qd6 25. Rfc1 Bf8 26. Rab1 Bb5 27. Bf1
Bxf1 28. Kxf1 b5 29. Ra1 Ra8 30. Qc2 a5 31. Qxe4 Ra6 32. Qe8 b4 33. Qb5 Rb6 34.
Qxa5 b3 35. Rab1 Ra6 36. Qc3 Qd5 37. Qxb3 Qh1+ 38. Ke2 Qxh2 39. Rh1 Qg2 40.
Rhg1 Qh3 41. g4 Qh2 42. Qd5 Rf6 43. Rg2 Qc7 44. Qe4 Re6 45. Qd3 Qc6 46. d5 1-0

[Event "Benidorm 2003 - sub2300"]
[Site "Benidorm ESP"]
[Date "2003.11.23"]
[Round "3.64"]
[White "Yanez Acin, Gonzalo"]
[Black "Gomez Benitez, David"]
[Result "1-0"]
[WhiteElo "2014"]
[BlackElo "2139"]
[PlyCount "57"]
[EventDate "2003.11.21"]
[EventType "swiss"]
[EventRounds "9"]
[EventCountry "ESP"]
[Source "lmi"]
[SourceDate "2003.11.21"]

1. e4 c5 2. Nf3 Nc6 3. d4 cxd4 4. Nxd4 Nf6 5. Nc3 e5 6. Nb3 Bb4 7. Bd3 d5 8.
O-O Bxc3 9. bxc3 dxe4 10. Bb5 Bg4 11. Bxc6+ bxc6 12. Qe1 Be6 13. Ba3 Bc4 14.
Rd1 Qb6 15. Qd2 Rd8 16. Qg5 Rxd1 17. Qxe5+ Be6 18. Rxd1 Qxf2+ 19. Kh1 Qf5 20.
Qd6 Nd5 21. Nd4 Qg4 22. Rb1 Bc8 23. c4 Qd7 24. Qe5+ Ne7 25. Nxc6 O-O 26. Nxe7+
Kh8 27. Ng6+ fxg6 28. Bxf8 Qf7 29. Qe7 1-0

[Event "Benidorm 2003 - sub2300"]
[Site "Benidorm ESP"]
[Date "2003.11.23"]
[Round "3.65"]
[White "Gomez Cerezo, Diego Jesus"]
[Black "De Lagontrie, Jean"]
[Result "1-0"]
[WhiteElo "2135"]
[BlackElo "1993"]
[PlyCount "113"]
[EventDate "2003.11.21"]
[EventType "swiss"]
[EventRounds "9"]
[EventCountry "ESP"]
[Source "lmi"]
[SourceDate "2003.11.21"]

1. d4 d5 2. Nf3 c6 3. c4 e6 4. Nc3 dxc4 5. a4 Bb4 6. e3 b5 7. Bd2 a5 8. axb5
Bxc3 9. Bxc3 cxb5 10. b3 Bb7 11. bxc4 b4 12. Bb2 Nd7 13. c5 Ngf6 14. Bb5 Ba6
15. Qa4 Bxb5 16. Qxb5 O-O 17. O-O Qc7 18. Ra4 Rfb8 19. Qd3 h6 20. Rfa1 Nd5 21.
Nd2 Ne7 22. Nc4 Nc6 23. e4 e5 24. Qe3 Ra7 25. d5 Nxc5 26. dxc6 f6 27. Rxa5 Rd8
28. Qf3 Rxa5 29. Nxa5 Ra8 30. Nb3 Rxa1+ 31. Bxa1 Qxc6 32. Nxc5 Qxc5 33. Qb3+
Kh7 34. Bb2 Qd6 35. Qc2 Qb6 36. Qb3 Qd6 37. Bc1 Qd4 38. Qc2 Kg6 39. h3 Kh7 40.
Be3 Qa1+ 41. Kh2 Qa8 42. f3 Qg8 43. Bc1 b3 44. Qc7 h5 45. Ba3 Qe8 46. Qc3 h4
47. Qxb3 Qg6 48. Qe3 f5 49. exf5 Qg3+ 50. Kg1 g5 51. fxg6+ Kxg6 52. Qe4+ Kf7
53. Qf5+ Ke8 54. Qc8+ Kf7 55. Qd7+ Kf6 56. Be7+ Kg6 57. Qg4+ 1-0

[Event "Benidorm 2003 - sub2300"]
[Site "Benidorm ESP"]
[Date "2003.11.23"]
[Round "3.66"]
[White "Pons Servera, Cristobal"]
[Black "Peters, Paul"]
[Result "1-0"]
[WhiteElo "2133"]
[BlackElo "1987"]
[PlyCount "115"]
[EventDate "2003.11.21"]
[EventType "swiss"]
[EventRounds "9"]
[EventCountry "ESP"]
[Source "lmi"]
[SourceDate "2003.11.21"]

1. Nf3 f5 2. d4 d5 3. c4 e6 4. Nc3 Nf6 5. g3 c6 6. Bg2 Bd6 7. c5 Bc7 8. Bf4
Bxf4 9. gxf4 Qc7 10. e3 Bd7 11. Ne5 O-O 12. b4 Be8 13. a4 Bh5 14. Bf3 Bxf3 15.
Qxf3 Nbd7 16. b5 Nxe5 17. fxe5 Ne4 18. Nxe4 fxe4 19. Qg4 Rf5 20. h4 Raf8 21.
Ra2 Qe7 22. Rh2 Rf3 23. Qg1 Qc7 24. Ke2 Qd7 25. Rb2 b6 26. Qc1 bxc5 27. bxc6
Qxc6 28. Rb5 c4 29. Rg2 R3f7 30. Qb1 Qa6 31. Qb4 Rc7 32. Rg1 c3 33. Ke1 c2 34.
Kd2 c1=Q+ 35. Rxc1 Rxf2+ 36. Ke1 Re2+ 37. Kxe2 Rxc1 38. Kd2 Rc8 39. Qe7 Qc6 40.
Rc5 Qe8 41. Qxa7 Ra8 42. Qb6 Rxa4 43. Rc7 Ra2+ 44. Kc1 Ra1+ 45. Kb2 Rf1 46. Qa6
Rf2+ 47. Kc3 Rf8 48. Rc6 Qh5 49. Rc8 Qf7 50. Qc6 h6 51. Rc7 Qg6 52. Re7 Qg1 53.
Qxe6+ Kh8 54. Kb4 Qe1+ 55. Kc5 Qa5+ 56. Kc6 Qa8+ 57. Kd6 Qd8+ 58. Rd7 1-0

[Event "Benidorm 2003 - sub2300"]
[Site "Benidorm ESP"]
[Date "2003.11.23"]
[Round "3.69"]
[White "Alonso Jimenez, Joan"]
[Black "Gimeno Martos, Roberto"]
[Result "0-1"]
[WhiteElo "2072"]
[BlackElo "2131"]
[PlyCount "70"]
[EventDate "2003.11.21"]
[EventType "swiss"]
[EventRounds "9"]
[EventCountry "ESP"]
[Source "lmi"]
[SourceDate "2003.11.21"]

1. Nc3 g6 2. d4 Bg7 3. e4 d6 4. g3 Nc6 5. Be3 e5 6. d5 Nce7 7. Bg2 f5 8. f3 Nf6
9. Qd2 fxe4 10. fxe4 Ng4 11. O-O-O Nxe3 12. Qxe3 h5 13. Kb1 Bh6 14. Qe2 c6 15.
h3 a6 16. dxc6 Nxc6 17. Nf3 Be6 18. a3 b5 19. Nd5 Ne7 20. Nf6+ Kf7 21. Nd5 Kg7
22. Rd3 Rc8 23. Ne3 Qb6 24. h4 Rb8 25. b3 Rhc8 26. Ng5 Bxg5 27. hxg5 Bc4 28.
Nxc4 bxc4 29. Rf3 cxb3 30. Rxb3 Qc5 31. Bh3 Rxb3+ 32. cxb3 Rb8 33. Kb2 Nc6 34.
Qf3 Rf8 35. Bf5 Nd4 0-1

[Event "Benidorm 2003 - sub2300"]
[Site "Benidorm ESP"]
[Date "2003.11.23"]
[Round "3.70"]
[White "Fernandez Garcia, Juan Carlos"]
[Black "Beitia Amador, Ernest"]
[Result "1-0"]
[WhiteElo "2127"]
[BlackElo "2073"]
[PlyCount "45"]
[EventDate "2003.11.21"]
[EventType "swiss"]
[EventRounds "9"]
[EventCountry "ESP"]
[Source "lmi"]
[SourceDate "2003.11.21"]

1. e4 c6 2. d4 d5 3. Nc3 dxe4 4. Nxe4 Nd7 5. Nf3 Ngf6 6. Ng3 e6 7. Bd3 c5 8.
O-O cxd4 9. Nxd4 Be7 10. b3 O-O 11. Bb2 Nb6 12. Re1 Bd7 13. Qf3 Qc7 14. Ndf5
Bc6 15. Nxe7+ Qxe7 16. Qf4 Nbd5 17. Qh4 Qc7 18. Be5 Qd7 19. Rad1 b5 20. c4 bxc4
21. bxc4 Nb4 22. Bxf6 Nxd3 23. Qg5 1-0

[Event "Benidorm 2003 - sub2300"]
[Site "Benidorm ESP"]
[Date "2003.11.23"]
[Round "3.71"]
[White "Martin Rodriguez, Emilio"]
[Black "Reves Balleste, Jose"]
[Result "1/2-1/2"]
[WhiteElo "2125"]
[BlackElo "2045"]
[PlyCount "127"]
[EventDate "2003.11.21"]
[EventType "swiss"]
[EventRounds "9"]
[EventCountry "ESP"]
[Source "lmi"]
[SourceDate "2003.11.21"]

1. d4 d6 2. c4 e5 3. dxe5 dxe5 4. Qxd8+ Kxd8 5. Nf3 f6 6. a3 Be6 7. e3 c6 8.
Nc3 Kc7 9. b4 Nh6 10. Bb2 Be7 11. Ne4 Nf7 12. Be2 Nd7 13. O-O Rac8 14. Rfd1 Bf5
15. Ng3 Bg6 16. Nh4 Nh6 17. Nxg6 hxg6 18. f4 Nf7 19. Rd2 Rcd8 20. Rad1 exf4 21.
exf4 Bd6 22. Rf1 g5 23. Nh5 Bxf4 24. Nxf4 gxf4 25. Rxf4 Nde5 26. Rfd4 Rxd4 27.
Rxd4 Rd8 28. Kf2 Nd6 29. c5 Ndf7 30. Ke3 Rh8 31. h3 Re8 32. Kf2 Ra8 33. Bc3 Rb8
34. Rh4 Nh6 35. Bxe5+ fxe5 36. Rh5 Re8 37. Ke3 e4 38. Bc4 Re7 39. Rg5 Kd8 40.
g4 Ke8 41. Rg6 Kd7 42. Rd6+ Kc7 43. Re6 Rd7 44. Kxe4 Nf7 45. Kf5 Nd8 46. Re8 b6
47. cxb6+ axb6 48. h4 Nb7 49. Kg6 Nd6 50. Rg8 Nxc4 51. g5 Ne5+ 52. Kf5 Re7 53.
h5 c5 54. bxc5 bxc5 55. h6 gxh6 56. gxh6 Nf7 57. Kg6 Nxh6 58. Kxh6 Kb6 59. Kg5
Ra7 60. Kf4 Kb5 61. Ke3 Rd7 62. Rg4 c4 63. Rd4 Re7+ 64. Kd2 1/2-1/2

[Event "Benidorm 2003 - sub2300"]
[Site "Benidorm ESP"]
[Date "2003.11.23"]
[Round "3.72"]
[White "Algaba Traspuesto, Jose Antonio"]
[Black "Aymerich Rosell, Pablo"]
[Result "0-1"]
[WhiteElo "2028"]
[BlackElo "2123"]
[PlyCount "78"]
[EventDate "2003.11.21"]
[EventType "swiss"]
[EventRounds "9"]
[EventCountry "ESP"]
[Source "lmi"]
[SourceDate "2003.11.21"]

1. d4 c5 2. c3 e6 3. Nf3 d5 4. Bf4 Nc6 5. e3 Nf6 6. Nbd2 Qb6 7. Qb3 c4 8. Qxb6
axb6 9. Be2 b5 10. b4 h6 11. h3 Be7 12. O-O O-O 13. Ne5 Ra3 14. Nb1 Ra6 15. Bd1
Nd7 16. a4 Ndxe5 17. dxe5 f6 18. Na3 fxe5 19. axb5 Ra8 20. Bg3 Nd8 21. Bxe5 Nf7
22. Bg3 Bf6 23. Bf3 Bxc3 24. Ra2 Bxb4 25. Rfa1 Bd7 26. Nc2 Rxa2 27. Rxa2 Bd6
28. Ra7 Bxg3 29. Rxb7 Bc8 30. Rxf7 Bxf2+ 31. Kxf2 Rxf7 32. Ke2 Rb7 33. Nd4 Kf8
34. Kd2 e5 35. Nc6 e4 36. Bd1 Rxb5 37. Na7 Rb8 38. Nxc8 Rb2+ 39. Kc3 Rxg2 0-1

[Event "Benidorm 2003 - sub2300"]
[Site "Benidorm ESP"]
[Date "2003.11.23"]
[Round "3.74"]
[White "Larios Crespo, Manuel"]
[Black "Khazankin, Moisei"]
[Result "0-1"]
[WhiteElo "2122"]
[BlackElo "2040"]
[PlyCount "54"]
[EventDate "2003.11.21"]
[EventType "swiss"]
[EventRounds "9"]
[EventCountry "ESP"]
[Source "lmi"]
[SourceDate "2003.11.21"]

1. e4 c5 2. Nf3 d6 3. d4 cxd4 4. Nxd4 Nf6 5. Nc3 g6 6. Be3 Bg7 7. f3 O-O 8. Qd2
Nc6 9. O-O-O Nxd4 10. Bxd4 Be6 11. Kb1 Qc7 12. g4 Rfc8 13. h4 Qa5 14. a3 Rab8
15. h5 b5 16. hxg6 fxg6 17. g5 b4 18. axb4 Qxb4 19. Nd5 Nxd5 20. exd5 Bf5 21.
Bh3 Bxc2+ 22. Qxc2 Rxc2 23. Be6+ Kf8 24. Bxg7+ Kxg7 25. Kxc2 Qxb2+ 26. Kd3 Rb3+
27. Ke4 Qe5# 0-1

[Event "Benidorm 2003 - sub2300"]
[Site "Benidorm ESP"]
[Date "2003.11.23"]
[Round "3.75"]
[White "Carrascosa Campos, Juan Luis"]
[Black "Perez Pascual, Arturo"]
[Result "1-0"]
[WhiteElo "2006"]
[BlackElo "2095"]
[PlyCount "77"]
[EventDate "2003.11.21"]
[EventType "swiss"]
[EventRounds "9"]
[EventCountry "ESP"]
[Source "lmi"]
[SourceDate "2003.11.21"]

1. d4 d5 2. Nf3 Nf6 3. e3 e6 4. Nbd2 c5 5. c3 Nc6 6. Bd3 Bd6 7. O-O O-O 8. dxc5
Bxc5 9. e4 Qc7 10. Re1 Ng4 11. exd5 Nxf2 12. Bxh7+ Kh8 13. Qe2 exd5 14. Bc2 Bg4
15. Nb3 Bb6 16. Be3 Ne4 17. Bxb6 Qxb6+ 18. Qe3 Qxe3+ 19. Rxe3 f5 20. Nbd4 Rf6
21. Bb3 Rd8 22. Rd1 Na5 23. Ne2 Nxb3 24. axb3 Rfd6 25. Ned4 a6 26. h3 f4 27.
Red3 Bxf3 28. Rxf3 Rf6 29. Ne2 g5 30. Rfd3 Rfd6 31. b4 Kg7 32. h4 Kg6 33. hxg5
Kxg5 34. Rf1 Rf6 35. c4 Rf5 36. c5 Kg4 37. Nd4 Rh5 38. Ne6 Kf5 39. Nxd8 1-0

[Event "Benidorm 2003 - sub2300"]
[Site "Benidorm ESP"]
[Date "2003.11.23"]
[Round "3.76"]
[White "Andres Julia, Vicente Ramon"]
[Black "Van Hoolandt, Patrick"]
[Result "0-1"]
[WhiteElo "2047"]
[BlackElo "2272"]
[PlyCount "76"]
[EventDate "2003.11.21"]
[EventType "swiss"]
[EventRounds "9"]
[EventCountry "ESP"]
[Source "lmi"]
[SourceDate "2003.11.21"]

1. e4 e5 2. Nc3 Nf6 3. Bc4 Nc6 4. d3 Na5 5. Nge2 Nxc4 6. dxc4 d6 7. O-O Be6 8.
b3 c6 9. Qd3 Be7 10. Ng3 O-O 11. Rd1 Re8 12. a4 Qd7 13. Ba3 Rad8 14. Qe3 Ng4
15. Qe2 Qc7 16. Rd3 f6 17. Rad1 Nh6 18. R1d2 g6 19. f3 Nf7 20. Qf2 a6 21. Rd1
b6 22. Kh1 Rd7 23. R1d2 Bf8 24. h3 Nd8 25. Qe2 Bf7 26. c5 bxc5 27. Bxc5 Ne6 28.
Be3 Nf4 29. Bxf4 exf4 30. Nf1 Red8 31. Qf2 g5 32. g4 fxg3 33. Nxg3 Bg6 34. Nce2
h5 35. Nd4 c5 36. Ndf5 h4 37. Ne2 Bxf5 38. exf5 Re7 0-1

[Event "Benidorm 2003 - sub2300"]
[Site "Benidorm ESP"]
[Date "2003.11.23"]
[Round "3.77"]
[White "Serna Lara, Sergio"]
[Black "Machin Arbelo, Pedro Alexis"]
[Result "1/2-1/2"]
[WhiteElo "2235"]
[BlackElo "2064"]
[PlyCount "108"]
[EventDate "2003.11.21"]
[EventType "swiss"]
[EventRounds "9"]
[EventCountry "ESP"]
[Source "lmi"]
[SourceDate "2003.11.21"]

1. d4 Nf6 2. c4 e6 3. Nc3 Bb4 4. e3 O-O 5. Nge2 c5 6. a3 cxd4 7. exd4 Be7 8. d5
d6 9. Ng3 e5 10. Bd3 Ne8 11. Qc2 g6 12. Bh6 Ng7 13. Qd2 f5 14. f3 Nd7 15. Bc2
a5 16. Na4 Nb6 17. Nxb6 Qxb6 18. Ba4 Qc7 19. b3 Bd7 20. Bxd7 Qxd7 21. O-O b5
22. cxb5 Qxb5 23. b4 Rfc8 24. Rfc1 Ne8 25. Ne2 Bd8 26. Be3 Nf6 27. Rd1 axb4 28.
axb4 Rxa1 29. Rxa1 Nxd5 30. Bf2 Bb6 31. Bxb6 Qxb6+ 32. Kh1 Nxb4 33. Rb1 Rb8 34.
Nc3 Qd4 35. Qxd4 exd4 36. Nd5 Nc6 37. Rxb8+ Nxb8 38. Kg1 Kf7 39. Kf2 Nd7 40.
Ke2 Nc5 41. Kd2 g5 42. g3 Ke6 43. Nc7+ Ke5 44. Nb5 Kd5 45. Nc7+ Kc4 46. Ne8
Nb3+ 47. Kd1 f4 48. Nxd6+ Kd5 49. Nf7 fxg3 50. hxg3 g4 51. fxg4 Nc5 52. Ng5 Ne4
53. Nxh7 Nxg3 54. Ng5 Nf1 1/2-1/2

[Event "Benidorm 2003 - sub2300"]
[Site "Benidorm ESP"]
[Date "2003.11.23"]
[Round "3.78"]
[White "Guez, Fabien"]
[Black "Torras Campdelacreu, Xavier"]
[Result "1-0"]
[WhiteElo "2158"]
[BlackElo "2052"]
[PlyCount "49"]
[EventDate "2003.11.21"]
[EventType "swiss"]
[EventRounds "9"]
[EventCountry "ESP"]
[Source "lmi"]
[SourceDate "2003.11.21"]

1. e4 c5 2. Nf3 d6 3. d4 cxd4 4. Nxd4 Nf6 5. Nc3 a6 6. Bg5 e6 7. f4 Be7 8. Qf3
Qc7 9. O-O-O Nc6 10. Nxc6 bxc6 11. Qg3 Rb8 12. e5 dxe5 13. fxe5 Nh5 14. Qh4
Bxg5+ 15. Qxg5 g6 16. Ne4 h6 17. Nf6+ Nxf6 18. Qxf6 O-O 19. h4 Qb6 20. b3 Qe3+
21. Kb1 Rb4 22. Bc4 a5 23. Rhf1 Rxc4 24. Rd8 Rf4 25. Rxf4 1-0

[Event "Benidorm 2003 - sub2300"]
[Site "Benidorm ESP"]
[Date "2003.11.23"]
[Round "3.80"]
[White "Costa Costa, Enrique"]
[Black "Garcia Galeote, Lorenzo"]
[Result "1-0"]
[WhiteElo "2035"]
[BlackElo "2134"]
[PlyCount "77"]
[EventDate "2003.11.21"]
[EventType "swiss"]
[EventRounds "9"]
[EventCountry "ESP"]
[Source "lmi"]
[SourceDate "2003.11.21"]

1. d4 d5 2. Bf4 Nf6 3. Nf3 e6 4. e3 Be7 5. h3 O-O 6. Bd3 c5 7. c3 Nc6 8. O-O b6
9. Ne5 Bb7 10. Nd2 c4 11. Bc2 b5 12. Nxc6 Bxc6 13. Nf3 b4 14. Ne5 Bb7 15. Ng4
Qa5 16. Nxf6+ Bxf6 17. Bd6 bxc3 18. Bxf8 cxb2 19. Rb1 Qxa2 20. Bb4 Bc6 21. Bc3
Rb8 22. Qd2 Be7 23. Rxb2 Rxb2 24. Bxb2 g6 25. Bc3 Qa6 26. Ra1 Qb7 27. Qe1 Bd6
28. Qb1 Qe7 29. Ra6 Ba8 30. Rxd6 Qxd6 31. Qb4 Qb6 32. Ba4 Bb7 33. Qxb6 axb6 34.
Bb5 f6 35. Kf1 Kf7 36. Ke2 Ke7 37. Kd2 Kf7 38. Bb4 Ba8 39. Bd6 1-0

[Event "Benidorm 2003 - sub2300"]
[Site "Benidorm ESP"]
[Date "2003.11.23"]
[Round "3.81"]
[White "Lloret Climent, Miguel"]
[Black "Pla Ferreres, Ismael"]
[Result "1-0"]
[WhiteElo "2112"]
[BlackElo "2046"]
[PlyCount "75"]
[EventDate "2003.11.21"]
[EventType "swiss"]
[EventRounds "9"]
[EventCountry "ESP"]
[Source "lmi"]
[SourceDate "2003.11.21"]

1. d4 f5 2. c4 Nf6 3. Nc3 e6 4. g3 Be7 5. Bg2 O-O 6. Nf3 d6 7. O-O Nbd7 8. Qb3
h6 9. Nh4 Rb8 10. Ng6 Rf7 11. f4 Kh7 12. Nxe7 Qxe7 13. e4 b6 14. exf5 exf5 15.
Bd2 Bb7 16. Rae1 Qf8 17. Bxb7 Rxb7 18. Qc2 g6 19. b4 c6 20. Re6 Ne8 21. d5 c5
22. Rfe1 Nc7 23. bxc5 Nxc5 24. R6e2 b5 25. cxb5 Qg7 26. a4 a6 27. bxa6 N5xa6
28. Nb5 Nxb5 29. axb5 Nc7 30. Bc3 Qg8 31. b6 Nxd5 32. Bd4 Nf6 33. Bxf6 Rxf6 34.
Re7+ Rf7 35. Rxb7 Rxb7 36. Qc6 Qg7 37. Qxd6 g5 38. Rc1 1-0

[Event "Benidorm 2003 - sub2300"]
[Site "Benidorm ESP"]
[Date "2003.11.23"]
[Round "3.82"]
[White "Insa Alfonso, Pablo"]
[Black "Perez Cameselle, Francisco"]
[Result "1-0"]
[WhiteElo "2105"]
[BlackElo "2034"]
[PlyCount "65"]
[EventDate "2003.11.21"]
[EventType "swiss"]
[EventRounds "9"]
[EventCountry "ESP"]
[Source "lmi"]
[SourceDate "2003.11.21"]

1. e4 g6 2. d4 Bg7 3. Nc3 c6 4. f4 d5 5. e5 h5 6. Be3 Nh6 7. Nf3 Bg4 8. Be2 e6
9. Qd2 Nd7 10. O-O O-O 11. b3 Nf5 12. Bf2 Bh6 13. Na4 b5 14. Nb2 f6 15. Nh4
Nxh4 16. Bxh4 Bxe2 17. Qxe2 Qb6 18. c3 fxe5 19. fxe5 Rxf1+ 20. Rxf1 Rf8 21.
Rxf8+ Bxf8 22. b4 a5 23. bxa5 Qxa5 24. Qc2 Kh7 25. Nd3 Bh6 26. Nb4 Qb6 27. Qf2
Kg8 28. Qg3 Kh7 29. Qh3 Nxe5 30. Qxe6 Be3+ 31. Kh1 Bxd4 32. Bf6 Bxc3 33. Qe7+
1-0

[Event "Benidorm 2003 - sub2300"]
[Site "Benidorm ESP"]
[Date "2003.11.23"]
[Round "3.83"]
[White "Hernandez Garcia, Maximo"]
[Black "Carrasco Sagredo, Manuel"]
[Result "1-0"]
[WhiteElo "2015"]
[BlackElo "2086"]
[PlyCount "111"]
[EventDate "2003.11.21"]
[EventType "swiss"]
[EventRounds "9"]
[EventCountry "ESP"]
[Source "lmi"]
[SourceDate "2003.11.21"]

1. e4 c5 2. Nf3 Nc6 3. d4 cxd4 4. Nxd4 Nf6 5. Nc3 d6 6. f3 Nxd4 7. Qxd4 g6 8.
Be3 Bg7 9. O-O-O O-O 10. Qd2 Be6 11. Bh6 Bxh6 12. Qxh6 Qa5 13. Kb1 Rfc8 14. Qd2
Rc5 15. Nd5 Nxd5 16. exd5 Rxd5 17. Bd3 Rc8 18. a3 Bf5 19. Qe2 Re5 20. Qf2 Qc5
21. Qd2 Bxd3 22. Qxd3 Rc6 23. Rhe1 Rb6 24. Re4 Rxe4 25. fxe4 Qe5 26. b3 Qxh2
27. Rf1 Qxg2 28. Qc4 e6 29. Qc8+ Kg7 30. Qc3+ e5 31. Qc4 f6 32. Qc7+ Kh6 33.
Rxf6 Qxe4 34. Qf7 d5 35. Rf3 Qe1+ 36. Kb2 Qh4 37. Qf8+ Kh5 38. Rf1 Qd4+ 39. Ka2
Qe4 40. Rf2 Rc6 41. Rh2+ Kg4 42. Kb1 Qe1+ 43. Kb2 Kg3 44. Qh6 Kg4 45. Qxh7 d4
46. Qd7+ Kf4 47. Qf7+ Ke4 48. Qxb7 Qc3+ 49. Ka2 Kf4 50. Qf7+ Kg4 51. Rg2+ Kh3
52. Qf1 Kh4 53. Qh1+ Qh3 54. Qe1+ Kh5 55. Qxe5+ Kh6 56. Qh8# 1-0

[Event "Benidorm 2003 - sub2300"]
[Site "Benidorm ESP"]
[Date "2003.11.23"]
[Round "3.84"]
[White "Llasera Brufau, Joan"]
[Black "Vazquez Gonzalez, Jesus"]
[Result "1-0"]
[WhiteElo "2007"]
[BlackElo "2082"]
[PlyCount "113"]
[EventDate "2003.11.21"]
[EventType "swiss"]
[EventRounds "9"]
[EventCountry "ESP"]
[Source "lmi"]
[SourceDate "2003.11.21"]

1. d4 c5 2. e3 g6 3. Nf3 Bg7 4. Bd3 cxd4 5. exd4 Nf6 6. c3 O-O 7. O-O d6 8. Bg5
h6 9. Bh4 Nc6 10. Re1 Re8 11. Nbd2 Bd7 12. Ne4 Qb6 13. Nxf6+ exf6 14. Qb3 Be6
15. Qxb6 axb6 16. Bg3 Red8 17. a3 f5 18. Bf4 Bd5 19. Re2 Bxf3 20. gxf3 g5 21.
Bd2 f4 22. Rae1 Kf8 23. Bb5 d5 24. Kf1 Bf6 25. Kg2 Ne7 26. h4 Nf5 27. hxg5 hxg5
28. Kh3 Kg7 29. Re8 Nd6 30. Rxd8 Rxd8 31. Bd3 Rh8+ 32. Kg2 b5 33. Rh1 Re8 34.
Rh7+ Kg8 35. Rh6 Be7 36. b3 Ra8 37. Bc1 Bf8 38. Rh5 f6 39. Rh7 Re8 40. Bd2 f5
41. Rh5 Kf7 42. Rh8 Kg7 43. Rh5 Be7 44. Rh1 Bf8 45. Re1 Kf7 46. Re5 Rxe5 47.
dxe5 Ne4 48. fxe4 fxe4 49. Bxb5 Ke6 50. a4 Kxe5 51. Bc1 d4 52. cxd4+ Kxd4 53.
Bb2+ Kd5 54. Bc4+ Kc6 55. Kh3 Bc5 56. Kg4 Bxf2 57. Kxg5 1-0

[Event "Benidorm 2003 - sub2300"]
[Site "Benidorm ESP"]
[Date "2003.11.23"]
[Round "3.85"]
[White "Vilarnovo Caamano, Jose"]
[Black "Nicolaisen, Erik"]
[Result "1/2-1/2"]
[WhiteElo "2081"]
[BlackElo "2020"]
[PlyCount "24"]
[EventDate "2003.11.21"]
[EventType "swiss"]
[EventRounds "9"]
[EventCountry "ESP"]
[Source "lmi"]
[SourceDate "2003.11.21"]

1. e4 c5 2. Nf3 e6 3. d4 cxd4 4. Nxd4 a6 5. Be2 Qc7 6. O-O Nf6 7. Nc3 b5 8. f3
Bb7 9. a3 Bd6 10. g3 Bxg3 11. hxg3 Qxg3+ 12. Kh1 Qh3+ 1/2-1/2

[Event "Benidorm 2003 - sub2300"]
[Site "Benidorm ESP"]
[Date "2003.11.23"]
[Round "3.86"]
[White "Amat Tarruella, Albert"]
[Black "Huerga Leache, Mikel"]
[Result "0-1"]
[WhiteElo "2003"]
[BlackElo "2081"]
[PlyCount "46"]
[EventDate "2003.11.21"]
[EventType "swiss"]
[EventRounds "9"]
[EventCountry "ESP"]
[Source "lmi"]
[SourceDate "2003.11.21"]

1. e4 d5 2. exd5 Nf6 3. d4 Bg4 4. Qd3 Qxd5 5. Nc3 Qd7 6. Be2 Bf5 7. Qd1 Nc6 8.
Be3 e6 9. Nf3 Bb4 10. O-O Bxc3 11. bxc3 Ne4 12. Qe1 h6 13. Bb5 f6 14. c4 O-O
15. Rd1 Nd6 16. d5 exd5 17. Rxd5 Be4 18. Qc3 Bxd5 19. cxd5 Nxb5 20. dxc6 Nxc3
21. cxd7 Rfd8 22. Re1 Rxd7 23. Bd4 Nxa2 0-1

[Event "Benidorm 2003 - sub2300"]
[Site "Benidorm ESP"]
[Date "2003.11.24"]
[Round "4.1"]
[White "Agayev, Nidjat"]
[Black "Renteria Becerra, Jorge Eliecer"]
[Result "1-0"]
[WhiteElo "2203"]
[BlackElo "2281"]
[PlyCount "49"]
[EventDate "2003.11.21"]
[EventType "swiss"]
[EventRounds "9"]
[EventCountry "ESP"]
[Source "lmi"]
[SourceDate "2003.11.21"]

1. e4 c5 2. Nc3 Nc6 3. g3 g6 4. Bg2 Bg7 5. d3 Rb8 6. Be3 b5 7. Qd2 b4 8. Nd1 d6
9. Ne2 Nd4 10. O-O e5 11. Nc1 Ne7 12. c3 bxc3 13. bxc3 Ne6 14. f4 exf4 15. gxf4
f5 16. Ne2 O-O 17. Ng3 d5 18. exf5 Nxf5 19. Nxf5 Rxf5 20. d4 cxd4 21. cxd4 Qb6
22. Nc3 Bxd4 23. Bxd4 Qxd4+ 24. Qxd4 Nxd4 25. Nxd5 1-0